Entry Personal Name
Number of records used in: 2
001 - CONTROL NUMBER
003 - CONTROL NUMBER IDENTIFIER
005 - DATE AND TIME OF LATEST TRANSACTION
- control field:
20191223151915.0
008 - FIXED-LENGTH DATA ELEMENTS
- fixed length control field:
830415n| acannaabn |n aaa
010 ## - LIBRARY OF CONGRESS CONTROL NUMBER
- LC control number:
n 83052877
035 ## - SYSTEM CONTROL NUMBER
- System control number:
(OCoLC)oca00939109
040 ## - CATALOGING SOURCE
- Original cataloging agency:
DLC
- Language of cataloging:
eng
- Transcribing agency:
DLC
- Modifying agency:
DLC
- Modifying agency:
OCoLC
100 1# - HEADING--PERSONAL NAME
- Personal name:
Hirschey, Mark
670 ## - SOURCE DATA FOUND
- Source citation:
Pappas, J.L. Managerial economics, c1983 (a.e.)
- Information found:
t.p. (Mark Hirschey, U. of Wisconsin)
670 ## - SOURCE DATA FOUND
- Source citation:
Managerial economics, c2000:
- Information found:
t.p. (Mark Hirschey) p. xiii (Ph.D., U. of Wisc.-Madison; prof./Stockton Res. Fellow, Sch. of Business, U. of Kansas)